000 03068nam0a2200433 4500
001 RU\NLR\BIBL_A\022596625
005 20260510063843.0
010 _9100
_a978-5-7508-2294-2
021 _aRU
_bКН-П-25-034331
_9КН-П-25-3389
029 1 0 _aRU
_b4.1.3952-23
_cМУК
035 _a(NLR Aleph) 022596625
090 _a13680445
_c13680445
100 _a20250805d2025 k y0rusy50 ca
101 0 _arus
102 _aRU
105 _ay l 000|y
181 0 _ai
_baxxe
182 0 _an
200 9 _aОпределение остаточных количеств пироксасульфона в зерне нута методом высокоэффективной жидкостной хроматографии с масс-спектрометрическим детектированием
_eМУК 4.1.3952-23
_fРазработаны ФГБОУ ВО "Российский государственный аграрный университет - МСХА им. К. А. Тимирязева", Учебно-научным консультационным центром "Агроэкология пестицидов и агрохимикатов" Минсельхоза России
203 _aТекст
_bвизуальный
_cнепосредственный
205 _aИзд. офиц.
210 _aМосква
_cРоспотребнадзор
_d2025
215 _a23 с.
_d21
225 1 _a4.1. Методы контроля. Химические факторы
225 1 _aГосударственное санитарно-эпидемиологическое нормирование Российской Федерации
_fФедеральная служба по надзору в сфере защиты прав потребителей и благополучия человека
239 _aВвед. 05.10.2023
320 _aБиблиогр.: с. 22-23 (23 назв.)
517 1 _aМУК 4.1.3952-23
606 1 _aПироксасульфон
_jМетодические пособия
_xОпределение в зёрнах нута
_xХроматографии жидкостной высокоэффективной метод
_92673104
_3RU\NLR\AUTH\6601758623
686 _v2000
_2oks
686 1 _aП213.5-272.53в743я8
712 0 1 _4725
_aРоссийская Федерация
_bФедеральная служба по надзору в сфере защиты прав потребителей и благополучия человека
_9648640
_3RU\NLR\AUTH\8810073282
712 0 2 _4900
_aРоссийский государственный аграрный университет - МСХА им. К. А. Тимирязева
_9653984
_3RU\NLR\AUTH\8810075940
712 0 2 _4900
_a"Агроэкология пестицидов и агрохимикатов", учебно-научный консультационный центр
_cМосква
_9536358
_3RU\NLR\AUTH\880436017
942 _cBOOK
980 _aNB